000 01170nam a22002537a 4500
008 110605s2008 enk|||||r|||| 000 j eng d
020 _a1405882298
020 _a9781405882293
082 _222
_a428.6
_bWIL
100 _923601
_aWilde, Oscar
_d1854-1900
245 _aThe Picture of Dorian Gray /
_cOscar Wilde; Retold by Kieran McGovern
260 _aHarlow :
_bPearson Education, 2008.
_c2008
300 _a74 p. ;
_c20 cm. +
_e2 CD-ROMs (4 3/4 in.)
490 _95756
_aPenguin readers ;
_nLevel 4
521 _aB1 : Intermediate
650 _924032
_aHigh interest-low vocabulary books
650 _924625
_aConuct of life
_vFiction
653 _bENG
_cJune2011
700 _924624
_aMcGovern, Kieran
_enrt
942 _2ddc
_cBB
999 _c15530
_d15530